La economía de la coca en Bolivia

Salvato in:
Dettagli Bibliografici
Autore principale: Cagliotti, Carlos Norberto
Natura: testo
Pubblicazione: Buenos Aires: Centro Nacional de Reeducación Social
Tags: Aggiungi Tag
Nessun Tag, puoi essere il primo ad aggiungerne!!

MARC

LEADER 00000 a a2200000 04500
001 15102
003
040
090 |a 028200  
100 |a Cagliotti, Carlos Norberto  
245 |a La economía de la coca en Bolivia  
260 |a Buenos Aires:   |b Centro Nacional de Reeducación Social  
300 |a 12 p.  
999 |c 11259  |d 11259